000 00811nam a2200253 i 4500
003 DO-SdBNP
005 20240116101337.0
007 ta
008 240116b1914 dr ||||| |||| 00| 0 spa d
040 _aDO-SdBNP
_bspa
_cBNPHU
_erda
082 4 _222
110 2 _aInstituto Profesional de Santo Domingo
_bFacultad de Farmacia
_984773
245 1 0 _aContribución al estudio del yoduro de potasio :
_btesis para la licenciatura /
_cRamón A. Delgado Oller
264 _aSanto Domingo :
_bLa Cuna de América,
_c1914.
300 _a31 páginas ;
_c23 cm.
336 _2rdacontent
_atexto
_btxt
337 _2rdamedia
_asin mediación
_bn
338 _2rdacarrier
_avolumen
_bnc
500 _aTesis
504 _aBibliografía : p. 31
590 _aInventariado, 2024/BT
910 _aBtavárez
942 _2ddc
_cLF2
999 _c55682
_d55682